Fundamental rights and the Supreme Court (Record no. 378413)

000 -LEADER
fixed length control field 00415cam a22001457a 4500
008 - FIXED-LENGTH DATA ELEMENTS--GENERAL INFORMATION
fixed length control field 180718b1995 xxu||||| |||| 00| 0 eng d
020 ## - INTERNATIONAL STANDARD BOOK NUMBER
International Standard Book Number 8170332867
082 ## - DEWEY DECIMAL CLASSIFICATION NUMBER
Classification number C41x54 K959
100 ## - MAIN ENTRY--PERSONAL NAME
Personal name Kulshreshtha, S.K.
245 ## - TITLE STATEMENT
Title Fundamental rights and the Supreme Court
Statement of responsibility, etc. by Sudhir Kulshreshtha
260 ## - PUBLICATION, DISTRIBUTION, ETC.
Place of publication, distribution, etc. Jaipur
Name of publisher, distributor, etc. Rawat
Date of publication, distribution, etc. 1995
300 ## - PHYSICAL DESCRIPTION
Extent 236p.
650 ## - SUBJECT ADDED ENTRY--TOPICAL TERM
Topical term or geographic name entry element Civil rights --India
650 ## - SUBJECT ADDED ENTRY--TOPICAL TERM
Topical term or geographic name entry element Judicial review --India
Holdings
Withdrawn status Lost status Damaged status Not for loan Permanent Location Current Location Date acquired Full call number Barcode Date last seen Price effective from Koha item type
        Indian Institute of Public Administration Indian Institute of Public Administration 1995-11-29 C41x54 K959 69974 2018-07-21 2018-07-21 Book

Powered by Koha